The Ultimate U.S. Airport Quiz - Statistics

General Stats
  • This quiz has been taken 14 times
  • The average score is 183 of 373
Answer Stats
IATA code City/Airport % Correct
ANC Anchorage/Stevens
100%
BHM Birmingham
100%
FLG Flagstaff
100%
MOB Mobile
100%
PHX Phoenix
100%
TUS Tucson
100%
FAI Fairbanks
91%
HSV Huntsville
91%
JNU Juneau
91%
LIT Little Rock
91%
MGM Montgomery
91%
FAT Fresno
82%
JAX Jacksonville
82%
LAX Los Angeles
82%
MLB Melbourne
82%
MIA Miami
82%
OAK Oakland
82%
SAN San Diego
82%
SFO San Francisco
82%
SJC San Jose
82%
TPA Tampa
82%
ALB Albany
73%
ABQ Albuquerque
73%
AMA Amarillo
73%
ASE Aspen
73%
ATL Atlanta
73%
AUS Austin
73%
BWI Baltimore
73%
BIL Billings
73%
BIS Bismarck
73%
BOI Boise
73%
BOS Boston
73%
BZN Bozeman
73%
BUF Buffalo
73%
BUR Burbank
73%
CHS Charleston
73%
CRW Charleston
73%
CLT Charlotte
73%
MDW Chicago/Midway
73%
ORD Chicago/O'Hare
73%
CLE Cleveland
73%
COS Colorado Springs
73%
CMH Columbus/Glenn
73%
DFW Dallas/Fort Worth
73%
DAL Dallas/Love
73%
DAY Dayton
73%
DEN Denver
73%
DSM Des Moines
73%
DTW Detroit
73%
DLH Duluth
73%
ELP El Paso
73%
EUG Eugene
73%
FNT Flint
73%
FLL Fort Lauderdale
73%
GNV Gainesville
73%
GRB Green Bay
73%
HNL Honolulu
73%
IAH Houston/Bush
73%
HOU Houston/Hobby
73%
IND Indianapolis
73%
MCI Kansas City
73%
LAS Las Vegas
73%
LEX Lexington
73%
MSN Madison
73%
MEM Memphis
73%
MKE Milwaukee
73%
MSP Minneapolis-Saint Paul
73%
BNA Nashville
73%
EWR Newark
73%
MSY New Orleans
73%
JFK New York City/Kennedy
73%
LGA New York City/LaGuardia
73%
OKC Oklahoma City
73%
OMA Omaha
73%
ONT Ontario
73%
MCO Orlando
73%
PHL Philadelphia
73%
PIT Pittsburgh
73%
PWM Portland
73%
PDX Portland
73%
PVD Providence
73%
PVU Provo
73%
RDU Raleigh
73%
RNO Reno
73%
RIC Richmond
73%
ROA Roanoke
73%
ROC Rochester
73%
SGU Saint George
73%
STL Saint Louis
73%
SLC Salt Lake City
73%
SAV Savannah
73%
SEA Seattle/Tacoma
73%
SYR Syracuse
73%
TOL Toledo
73%
TTN Trenton
73%
TUL Tulsa
73%
BRW Utqiagvik
73%
VRB Vero Beach
73%
YUM/NYL Yuma
73%
ACY Atlantic City
64%
AGS Augusta
64%
BGR Bangor
64%
BTR Baton Rouge
64%
BTV Burlington
64%
CPR Casper
64%
CID Cedar Rapids
64%
CHA Chattanooga
64%
CVG Cincinnati
64%
DHN Dothan
64%
EKO Elko
64%
ERI Erie
64%
FAR Fargo
64%
FAY Fayetteville
64%
FWA Fort Wayne
64%
GRR Grand Rapids
64%
BDL Hartford
64%
HLN Helena
64%
IDA Idaho Falls
64%
ITH Ithaca
64%
JAN Jackson
64%
JAC Jackson
64%
KTN Ketchikan
64%
LAN Lansing
64%
LRD Laredo
64%
LNK Lincoln
64%
LGB Long Beach
64%
SDF Louisville
64%
LBB Lubbock
64%
MFR Medford
64%
MRY Monterey
64%
MYR Myrtle Beach
64%
HVN New Haven
64%
OGD Ogden
64%
PIR Pierre
64%
PRC Prescott
64%
RFD Rockford
64%
SMF Sacramento
64%
SAT San Antonio
64%
SNA Santa Ana
64%
SBN South Bend
64%
TLH Tallahassee
64%
TXK Texarkana
64%
TUP Tupelo
64%
IAD Washington/Dulles
64%
DCA Washington/Reagan
64%
PBI West Palm Beach
64%
ICT Wichita
64%
ILG Wilmington
64%
ABI Abilene
55%
CAK Akron
55%
CAE Columbia
55%
CRP Corpus Christi
55%
DAB Daytona Beach
55%
EAU Eau Claire
55%
EVV Evansville
55%
XNA Fayetteville
55%
FLO Florence
55%
FSM Fort Smith
55%
VPS Fort Walton Beach
55%
GJT Grand Junction
55%
GSO Greensboro
55%
GPT Gulfport
55%
ITO Hilo
55%
HHH/HXD Hilton Head Island
55%
HOM Homer
55%
HYA Hyannis
55%
KOA Kona
55%
LNY Lanai City
55%
LAR Laramie
55%
LWS Lewiston
55%
LIH Lihue
55%
MSO Missoula
55%
PAH Paducah
55%
PSP Palm Springs
55%
PNS Pensacola
55%
RAP Rapid City
55%
RDM Redmond
55%
ROW Roswell
55%
SFB Sanford
55%
SBA Santa Barbara
55%
SAF Santa Fe
55%
SRQ Sarasota
55%
SHV Shreveport
55%
SUX Sioux City
55%
FSD Sioux Falls
55%
SIT Sitka
55%
SPI Springfield
55%
VLD Valdosta
55%
YKM Yakima
55%
ABY Albany
45%
ABE Allentown
45%
ACV Arcata
45%
AVL Asheville
45%
BFL Bakersfield
45%
BRO Brownsville
45%
CHO Charlottesville
45%
COD Cody
45%
DBQ Dubuque
45%
DRO Durango
45%
ELM Elmira
45%
RSW Fort Myers
45%
GFK Grand Forks
45%
GTF Great Falls
45%
GUC Gunnison
45%
ISP Islip
45%
TRI Johnson City
45%
OGG Kahului
45%
MKK Kaunakakai
45%
LFT Lafayette
45%
LAW Lawton
45%
LYH Lynchburg
45%
MCN Macon
45%
MHT Manchester
45%
MVY Martha's Vineyard
45%
MLI Moline
45%
MKG Muskegon
45%
ORF Norfolk
45%
PSM Portsmouth
45%
RDD Redding
45%
RST Rochester
45%
PIE Saint Petersburg
45%
SBP San Luis Obispo
45%
STS Santa Rosa
45%
GEG Spokane
45%
SCE/UNV State College
45%
SCK Stockton
45%
SUN Sun Valley
45%
EGE Vail
45%
ILM Wilmington
45%
WRG Wrangell
45%
AEX Alexandria
36%
ATW Appleton
36%
BLV Belleville
36%
BET Bethel
36%
BGM Binghamton
36%
BTM Butte
36%
LCK Columbus/Rickenbacker
36%
USA/JQF Concord
36%
DEC Decatur
36%
PAE Everett
36%
GRI Grand Island
36%
GSP Greenville
36%
HGR Hagerstown
36%
HRL Harlingen
36%
MDT Harrisburg
36%
HTS Huntington
36%
JLN Joplin
36%
AZO Kalamazoo
36%
FCA/GPI Kalispell
36%
TYS Knoxville
36%
MHK Manhattan
36%
MQT/SAW Marquette
36%
AZA/IWA Mesa
36%
MAF Midland-Odessa
36%
MOT Minot
36%
MLU Monroe
36%
ACK Nantucket
36%
SWF Newburgh
36%
OWB Owensboro
36%
PIA Peoria
36%
PQI Presque Isle
36%
RKD Rockland
36%
STC Saint Cloud
36%
SMX Santa Maria
36%
AVP Scranton
36%
SHR Sheridan
36%
SGF Springfield
36%
TVC Traverse City
36%
TYR Tyler
36%
ALO Waterloo
36%
HPN White Plains
36%
ABR Aberdeen
27%
APN Alpena
27%
BLI Bellingham
27%
BJI Bemidji
27%
BID Block Island
27%
BMI Bloomington
27%
BRD Brainerd
27%
BKG/BBG Branson
27%
CMI Champaign-Urbana
27%
CDV Cordova
27%
DLG Dillingham
27%
SHD Harrisonburg
27%
HDN Hayden
27%
HBB Hobbs
27%
JMS Jamestown
27%
JST Johnstown
27%
EYW Key West
27%
LSE La Crosse
27%
LCH Lake Charles
27%
MFE McAllen
27%
MEI Meridian
27%
MTJ Montrose
27%
IAG Niagara Falls
27%
OME Nome
27%
LBF North Platte
27%
OGS Ogdensburg
27%
PGA Page
27%
ECP Panama City
27%
PSC Pasco
27%
PIH Pocatello
27%
PGD Punta Gorda
27%
RHI Rhinelander
27%
RIW Riverton
27%
SLN Salina
27%
SBY Salisbury
27%
BFI Seattle/King
27%
SWO Stillwater
27%
DUT Unalaska
27%
WYS West Yellowstone
27%
ORH Worcester
27%
YAK Yakutat
27%
BLD/BVU Boulder City
18%
BQK Brunswick
18%
CDC Cedar City
18%
CLL College Station
18%
COU Columbia
18%
CSG Columbus
18%
GTR Columbus
18%
DRT Del Rio
18%
DIK Dickinson
18%
ESC Escanaba
18%
GCK Garden City
18%
GCC Gillette
18%
PGV Greenville
18%
CMX Hancock
18%
HYS Hays
18%
HIB Hibbing
18%
IMT Iron Mountain
18%
OAJ Jacksonville
18%
ENA Kenai
18%
ADQ Kodiak
18%
OTZ Kotzebue
18%
LBE Latrobe
18%
GGG Longview
18%
MWA Marion
18%
EWN New Bern
18%
PHF Newport News
18%
OTH North Bend
18%
PLN Pellston
18%
PSG Petersburg
18%
PUW Pullman
18%
RKS Rock Springs
18%
MBS Saginaw
18%
SJT San Angelo
18%
CIU Sault Ste. Marie
18%
TWF Twin Falls
18%
ACT Waco
18%
ALW Walla Walla
18%
ATY Watertown
18%
TBN Waynesville
18%
SPS Wichita Falls
18%
XWA Williston
18%
ALS Alamosa
9%
BPT Beaumont
9%
CKB Clarksburg
9%
SCC Deadhorse
9%
FRD/FHR Friday Harbor
9%
PIB Hattiesburg
9%
EAR Kearney
9%
GRK Killeen
9%
AKN King Salmon
9%
CNY Moab
9%
CWA Mosinee
9%
PBG Plattsburgh
9%
BFF Scottsbluff
9%
EAT Wenatchee
9%
WST Westerly
9%
MRI Anchorage/Merrill
0%
ESD/ORS Eastsound
0%
GST Gustavus
0%
KLW/AKW Klawock
0%
ART Watertown
0%
No matching quizzes found
Score Distribution
Percent of People with Each Score
Percentile by Number Answered
Your Score History
You have not taken this quiz